| 000 | 02900cam a22002774a 4500 | ||
|---|---|---|---|
| 001 | 13367388 | ||
| 003 | OSt | ||
| 005 | 20220303102705.0 | ||
| 008 | 031008s2004 njua b 001 0 eng | ||
| 010 | _a 2003062447 | ||
| 020 | _a0131441728 | ||
| 040 |
_aDLC _cLC _dDLC |
||
| 050 | 0 | 0 | _aHB171.5.C31 |
| 100 | 1 | _aCase, Karl E. | |
| 245 | 1 | 0 |
_aPrinciples of economics. / _cKarl E. Case, Ray C. Fair. |
| 250 | _a7th ed. | ||
| 260 |
_aUpper Saddle River, NJ: _bPearson Prentice Hall, _c2004. |
||
| 300 |
_axlv, 750 p. : _bill. (chiefly col.) ; _c28 cm. |
||
| 504 | _aIncludes index. | ||
| 505 | _aContents: 1. Introduction to economics: The scope and method of economics -- The economics problems; scarcity and choice -- Demand, supply, and market equilibrium -- Demand and supply applications and elasticity -- 2. Foundations for microeconomics; consumers and firms: Household behavior and consumer choice -- The production process; the behavior of profit maximizing firms -- Short-run costs and output decisions -- Long-run costs and output decisions -- Input demand; the labor and land market -- Input demand; capital market and the investment decision -- General equilibrium and the efficiency of perfect competition -- 3. Market imperfections and the role of Government: Monopoly and the antitrust policy -- Monopolistic competition and oligopoly -- Externalities, public goods, imperfect information, and social choice -- Income distribution and poverty -- Public finance; the economics of taxation -- 4. Concepts and problems in macroeconomics: Introduction to macroeconomics -- Measuring national output and national income -- Long-run and short-run concerns; Growth, productivity, unemployment and inflation -- 5. The goods and money markets: Aggregate expenditure and equilibrium output -- The Government and fiscal policy -- The money supply and the federal reserve systems -- Money demand, the equilibrium interest rate, and monetary policy -- 6. Macroeconomics analysis: Money, the interest rate, and output; analysis and policy -- Aggregate demand, Aggregate supply, and inflation -- The labor market, unemployment, and inflation -- Macroeconomic issues and policy -- The stock market and the economy -- Household and firm behavior in the macroeconomy; A further look -- Long-run growth -- Debate in macroeconomics; monetarism, new classical theory, and supply-side economics -- 7. The world economy: International trade, comparative advantage, and protectionism -- Open-economy macroeconomics; the balance of payment and exchange rates -- Globalization -- Economic growth in developing and transitional economies. | ||
| 650 | _vEconomics | ||
| 700 | 1 | _aFair, Ray C. | |
| 906 |
_a7 _bcbc _corignew _d1 _eocip _f20 _gy-gencatlg |
||
| 942 |
_2lcc _cBK |
||
| 999 |
_c8841 _d16341 |
||